Jak předcházet nekázni, aneb, Kázeňské prostředky

Saved in:
Bibliographic Details
Main Author Bendl, Stanislav, 1965- (Author)
Format Book
LanguageCzech
Published Praha : ISV, 2004
EditionVyd. 1.
SeriesPedagogika
Subjects
ISBN8086642143
Physical Description208 s. ; 23 cm

Cover

LEADER 00000cam a22000007a 4500
001 23540
003 CZ-ZlUTB
005 20190825234519.0
008 050404s2004 xr |||||r|||||||||||cze|d
020 |a 8086642143  |q (brož.) 
040 |a ABA001  |b cze  |c ABA001  |d ZLD002 
072 7 |a 37  |x Výchova a vzdělávání  |2 Konspekt  |9 22 
080 |a (035)  |2 v 
080 |a 37.091.5  |2 MRF 
100 1 |a Bendl, Stanislav,  |d 1965-  |7 jn20000400127  |4 aut 
245 1 0 |a Jak předcházet nekázni, aneb, Kázeňské prostředky /  |c Stanislav Bendl 
250 |a Vyd. 1. 
260 |a Praha :  |b ISV,  |c 2004 
300 |a 208 s. ;  |c 23 cm 
490 1 |a Pedagogika 
504 |a Obsahuje bibliografii 
650 0 7 |a kázeň  |7 ph122076  |2 czenas 
650 0 7 |a učitelé  |7 ph126982  |2 czenas 
650 0 7 |a školství  |7 ph116829  |2 czenas 
650 0 7 |a žáci  |7 ph128055  |2 czenas 
830 0 |a Pedagogika 
910 |a ZLD002 
952 |0 0  |1 0  |2 udc  |4 0  |6 37BENDLS  |7 0  |8 BOOK  |9 43447  |a UTBZL  |b UTBZL  |c 006  |d 2006-07-29  |l 59  |m 17  |o 37/BENDL,S.  |p 420010088873  |q 2026-06-10  |r 2026-04-15 16:16:00  |s 2026-04-15  |v 195.00  |w 2019-08-25  |x N:nákup  |y 04 
952 |0 0  |1 0  |2 udc  |4 0  |6 37BENDLS  |7 3  |8 BOOK  |9 43448  |a UTBZL  |b UTBZL  |c 006  |d 2006-07-29  |l 50  |m 14  |o 37/BENDL,S.  |p 420010088874  |r 2026-04-20 13:32:00  |s 2026-04-07  |v 195.00  |w 2019-08-25  |x N:nákup | 20100831  |y 04 
952 |0 0  |1 0  |4 0  |6 37BENDLS  |7 0  |8 BOOK  |9 43449  |a UTBZL  |b UTBZL  |c 030  |d 2006-07-29  |l 14  |m 3  |o 37/BENDL,S.  |p 420010088875  |q 2026-05-21  |r 2026-04-21 13:11:05  |s 2026-04-21  |v 195.00  |w 2019-08-25  |x N:nákup | 20100831  |y 05 
992 |a BK  |b SK  |d 94 
999 |c 23540  |d 23540